| 000 | 00537nam a2200181 a 4500 | ||
|---|---|---|---|
| 005 | 20191224041711.0 | ||
| 008 | 140312b2001 a gr|||| 00| 0 eng d | ||
| 040 |
_aCO-BoIAVH _cCO-BoIAVH |
||
| 041 | _aeng | ||
| 082 |
_a333.9516079 _bS95s |
||
| 245 | 1 |
_aSupporting the web of life _bbiodiversity at the world bank |
|
| 260 |
_as.l. _bWorld Bank _c2001 |
||
| 300 |
_a20 paginas. : _bilustraciones. ; _c25 x 19 cm |
||
| 650 | 4 |
_aBiodiversidad _zIndonesia |
|
| 650 | 4 | _aIndonesia | |
| 942 |
_cLIBRO _2ddc |
||
| 945 | _d2004-02-04 | ||
| 999 |
_c3701 _d3701 |
||